000 00394nam a2200145Ia 4500
008 240729s9999 xx 000 0 und d
022 _a1806-9460
245 0 _aSão Paulo Medical Journal
260 _aBrazil
260 _bAssociação Paulista de Medicina
650 _aMedicine
856 _uhttps://doaj.org/toc/a9ad990305e34bd9bdc21ba2166841f3
942 _2ddc
942 _cDOAJEJ
999 _c66436
_d66436
945 _a1
_bMadushi Gamage
_c1
_dMadushi Gamage